00325nam a2200133Ia 4500008004100000020001500041041001200056082001600068100001500084245003700099260003500136300000800171650001200179221030s9999 xx 000 0 und d a8120711882 aEnglish a105.23bGha aO. P. Ghai 4aThe Bhagavad Gitacby O. P. Ghai bSterling Pub.aNew Delhic1992 a116 aGeneral